000 00966nam a2200181 a 4500
001 BRCA_1266
005 20190320203343.0
008 101105s1992----sp-a---###---#000-0#spa-d
050 4 _aN7901
_b.R63 1992
245 1 0 _aArte hispanoamericano en canarias
_ctexto y fotografías Margarita Rodríguez González.
260 _aEspaña
_bComisión del V Centenario del descubrimiento de América : Instituto de Estudios Hispánicos de Canarias : Diócesis de Tenerife : Santa Cruz de Tenerife
_c1992
300 _a66 p.
_bil. (algunas a color)
_c23 cm.
500 _aCatálogo de la exposición realizada en el Seminario Diocesano de la Laguna, 4 mayo - 12 junio, 1992 y en la Iglesia de San Francisco (Puerto de la Cruz), 2 julio - 12 octubre, 1992
650 1 4 _aArte cristiano y simbolismo
_xImágenes
_zEspaña (Canarias)
_94169
650 1 4 _aArte hispanoamericano
_vCatálogos
_xImágenes
_zEspaña
_94170
700 1 _aRodríguez González, Margarita
_92579
942 _2lcc
_cB
999 _c1135
_d1135